Acuarelas de Pancho Fierro y seguidores : (Registro nro. 47604)

Detalles MARC
000 -LEADER
campo de control de longitud fija 02060cam a22004574i 4500
003 - IDENTIFICADOR DE NÚMERO DE CONTROL
campo de control PE-LiUPU
005 - FECHA Y HORA DE LA ÚLTIMA TRANSACCIÓN
campo de control 20250731183422.0
008 - DATOS DE LONGITUD FIJA--INFORMACIÓN GENERAL
campo de control de longitud fija 150625s r 000 0 d
020 ## - NÚMERO INTERNACIONAL ESTÁNDAR DEL LIBRO
Número Internacional Estándar del Libro 9972726061
035 ## - NÚMERO DE CONTROL DEL SISTEMA
Número de control de sistema (Sirsi) i9789972726064
040 ## - FUENTE DE CATALOGACIÓN
Centro catalogador/agencia de origen PE-LiUPU
Lengua de catalogación spa
Centro/agencia transcriptor PE-LiUPU
Normas de descripción rda
049 ## - FONDOS LOCALES (OCLC)
Biblioteca depositaria PRUA
082 04 - NÚMERO DE LA CLASIFICACIÓN DECIMAL DEWEY
Número de clasificación 759.985
Cutter M9
Número de edición 21
110 2# - ENTRADA PRINCIPAL--NOMBRE DE ENTIDAD CORPORATIVA
Nombre de entidad corporativa o nombre de jurisdicción como elemento de entrada Lima.
Unidad subordinada Municipalidad.
-- Pinacoteca Municipal Ignacio Merino.
245 00 - MENCIÓN DEL TÍTULO
Título Acuarelas de Pancho Fierro y seguidores :
Resto del título colección Ricardo Palma /
Mención de responsabilidad, etc. [investigación histórica y estudio introductorio, Francisco Stastny Mosberg ; fotografías, Yutaka Yoshii].
264 #1 - PRODUCCIÓN, PUBLICACIÓN, DISTRIBUCIÓN, FABRICACIÓN Y COPYRIGHT
Producción, publicación, distribución, fabricación y copyright Lima :
Nombre del de productor, editor, distribuidor, fabricante EDILIBROS,
Fecha de producción, publicación, distribución, fabricación o copyright 2007(Lima : Editora Argentina).
300 ## - DESCRIPCIÓN FÍSICA
Extensión 394 páginas :
Otras características físicas ilustraciones ;
Dimensiones 32 centímetros
336 ## - TIPO DE CONTENIDO
Término de tipo de contenido text
Fuente rdacontent
337 ## - TIPO DE MEDIO
Nombre/término del tipo de medio unmediated
Fuente rdamedia
338 ## - TIPO DE SOPORTE
Nombre/término del tipo de soporte volume
Fuente rdacarrier
500 ## - NOTA GENERAL
Nota general Manuscritos de Ricardo Palma: transcripción de comentarios.--322-378 p.
504 ## - NOTA DE BIBLIOGRAFÍA, ETC.
Nota de bibliografía, etc. Incluye bibliografía.
505 0# - NOTA DE CONTENIDO CON FORMATO
Nota de contenido con formato La biografía. -Retratos. -El ambiente artístico y la formación profesional. -Los orígenes del costumbrismo de Pancho Fierro. -Viajes científicos y un obispo ilustrado. -Pintores itinerantes. -La vida profesional de un artista negro. - La obra.
526 ## - NOTA DE INFORMACIÓN SOBRE EL PROGRAMA DE ESTUDIO
Nombre del programa Maestría Bim Facility Management (A distancia)
526 ## - NOTA DE INFORMACIÓN SOBRE EL PROGRAMA DE ESTUDIO
Nombre del programa
526 ## - NOTA DE INFORMACIÓN SOBRE EL PROGRAMA DE ESTUDIO
Nombre del programa Educación musical y artes
526 ## - NOTA DE INFORMACIÓN SOBRE EL PROGRAMA DE ESTUDIO
Nombre del programa Educación, especialidad educación física
526 ## - NOTA DE INFORMACIÓN SOBRE EL PROGRAMA DE ESTUDIO
Nombre del programa Arquitectura
600 08 - PUNTO DE ACCESO ADICIONAL DE MATERIA--NOMBRE DE PERSONA
Nombre de persona Fierro, Pancho,
Fechas asociadas al nombre 1807-1879
Subdivisión de forma Exposiciones.
600 08 - PUNTO DE ACCESO ADICIONAL DE MATERIA--NOMBRE DE PERSONA
Nombre de persona Fierro, Pancho,
Fechas asociadas al nombre 1807-1879
Subdivisión de forma Biografía.
600 08 - PUNTO DE ACCESO ADICIONAL DE MATERIA--NOMBRE DE PERSONA
Nombre de persona Palma, Ricardo.
Fechas asociadas al nombre 1833-1919
Subdivisión de forma Documentos
650 18 - PUNTO DE ACCESO ADICIONAL DE MATERIA--TÉRMINO DE MATERIA
Término de materia o nombre geográfico como elemento de entrada Acuarelas peruanas
Subdivisión cronológica Siglo XIX.
650 18 - PUNTO DE ACCESO ADICIONAL DE MATERIA--TÉRMINO DE MATERIA
Término de materia o nombre geográfico como elemento de entrada Pintura peruana
Subdivisión cronológica Siglo XIX.
650 28 - PUNTO DE ACCESO ADICIONAL DE MATERIA--TÉRMINO DE MATERIA
Término de materia o nombre geográfico como elemento de entrada Pintores
Subdivisión geográfica Perú
Subdivisión cronológica Siglo XIX
Subdivisión de forma Exposiciones.
700 1# - ENTRADA AGREGADA--NOMBRE PERSONAL
Nombre de persona Stastny Mosberg, Francisco,
Fechas asociadas al nombre 1933-
700 1# - ENTRADA AGREGADA--NOMBRE PERSONAL
Nombre de persona Yoshii, Yutaka.
942 ## - ELEMENTOS DE ENTRADA SECUNDARIOS (KOHA)
Fuente del sistema de clasificación o colocación Clasificación Decimal Dewey
Tipo de ítem Koha
949 ## - PROCESAMIENTO DE INFORMACIÓN LOCAL (OCLC)
a 759.985 M9
w DEWEY
c 1
i 58730
l CCODEBUL1
m BUL
p 35.00
r 0
s Y
t BOOK
u 2015-6-25
x INGENIERIA
z UNKNOWN
0 COMPRA
o .STAFF. Colección General
980 ## - EQUIVALENCIA O REFERENCIA-CRUZADA-MENCIÓN DE SERIE--NOMBRE DE PERSONA/TÍTULO [LOCAL, CANADÁ]
ID del último usuario que modificó el registro 1
Nombre del último usuario que modificó el registro ALBERTO SANCHEZ Responsable de Automatización
Existencias
Visto por última vez Número de inventario Total de préstamos Signatura topográfica completa Código de barras Fecha del último préstamo Copia número Coste, precio de reemplazo Fecha de reemplazo Facultad Tipo de ítem Koha Nota pública Estado de pérdida Fuente del sistema de clasificación o colocación Restricciones de uso No para préstamo Colección Programa académico Biblioteca de origen Biblioteca actual Ubicación en estantería Fecha de adquisición Fuente de adquisición Coste, precio normal de compra
2025-12-02 8 1 759.985 M9 58730 2022-10-17 e1 40.00 2015-06-25 FACIHED Libros físicos inventario-2023-12-13 No Perdido Clasificación Decimal Dewey No restringido Disponible para préstamos Colección General Educación musical y artes Biblioteca CRAI UPeU Lima Biblioteca CRAI UPeU Lima Estante de Libros Grandes 2015-06-25 COMPRA 35.00